000 01288cam a2200373 i 4500
001 768714001
003 CO-MdFUSB
005 20250722100106.0
007 ta
008 161110t2012 xxu||||g |||| 00| 0 eng d
020 _a978-0-310-24396-0
040 _aCO-MdFUSB
_bEspañol
_cCO-MdFUSB
_dCO-MdFUSB
_erda
041 _aeng
082 _224
_a227.8107
_bSH559t
100 1 _aShogren, Gary S.
_eautor
245 1 0 _a1 y 2 Thessalonians
_c/ Gary S. Shogren ; editado por Clinton E. Arnold
264 1 _aGrand Rapids, Michigan :
_bZondervan,
_c℗[2012]
264 4 _c©2012
300 _a375 páginas
_c; 25 cm
336 _2rdacontent
_asonidos
_btdi
337 _2rdamedia
_asin mediación
_bn
338 _2rdacarrier
_avolumen
_bnc
490 _aZondervan Exegetical Commentary on the New Testament
501 _aPasta dura
504 _aIncluye índices (páginas: 355-375)
505 _aIntroducción a 1 y 2 Tesalonicenses - Comentario - Teología de 1 y 2 Tesalonicenses
563 _aPasta dura
630 7 _aBiblia.
_pTesalonicenses, 1ª
_xCrítica, interpretación, etc.
630 7 _aBiblia.
_pTesalonicenses, 2ª
_xCrítica, interpretación, etc.
700 _aArnold, Clinton E.
_94967
_eeditor
942 _cREF
945 _aJTF-925
999 _c46597
_d46597